Sociologia da educação (Registo nº 199727)

Detalhes MARC
000 -Etiqueta do registo
Valores 00569nam 22001813 4500
100 ## - Dados gerais de processamento
Dados gerais 20260106d u||y0pory50 ba
200 ## - Titulo e menção de responsabilidade
Título próprio Sociologia da educação
Primeira menção de responsabilidade P. W. Musgrave
Outras menções de responsabilidade tradução Maria das Mercês Figueiral Justo, José Manuel Mota
205 ## - Menção da edição
Edição
210 ## - Publicação
Local de publicação Lisboa
Nome do editor Fundação Calouste Gulbenkian
Data de publicação imp.1984
215 ## - Descrição física 
Paginação / Volumes 452, [3] p.
Outras indicações físicas Brochado
Dimensões 23 cm
606 ## - Nome comum usado como assunto
ID Autoridade 5170
Palavra de ordem Ciências Sociais Educação
675 ## - CDU
Notação 37
Edição PT
Língua por
700 ## - Autor principal (pessoa individual)
ID Autoridade 15520
Apelido Musgrave
Nome P. W.
801 ## - Fonte de origem
País PT
Agência BMMN
Regras de catalogação RPC
830 ## - Notas gerais do catalogador
Criado por Ana
Indexado por Ana
990 ## - Elementos KOHA
Tipo de documento Livro
Exemplares
Situação do levantamento Biblioteca de origem Código de barras Cota Permissão de empréstimo Tipo de documento Forma de aquisição
  Biblioteca Municipal de Montemor-o-Novo 28711 37 MUS|DEP   Livro Compra

Powered by Koha